[Event "FB23 2122 SV 1920 Hofheim - TSV Forsten"]
[Site "?"]
[Date "2021.11.27"]
[Round "1.3"]
[White "Chaus, Maria"]
[Black "Tuzi, Bruna"]
[Result "1/2-1/2"]
[WhiteElo "1804"]
[BlackElo "2016"]
[PlyCount "123"]
[EventDate "2021.??.??"]

1. e4 c5 2. Nc3 Nc6 3. f4 g6 4. Nf3 Bg7 5. Bb5 e6 6. d3 Nge7 7. O-O O-O 8. Qe1
a6 9. Bxc6 Nxc6 10. e5 d6 11. exd6 Qxd6 12. Ne4 Qe7 13. Be3 b6 14. c3 f5 15.
Neg5 h6 16. Nh3 Rd8 17. Rd1 a5 18. Qg3 Kh7 19. Ne5 Nxe5 20. fxe5 Ba6 21. Rfe1
Bb5 22. d4 c4 23. d5 exd5 24. Bxb6 Rdb8 25. Bd4 g5 26. Qf3 Qe6 27. Qh5 Kg8 28.
Rd2 a4 29. a3 Be8 30. Qe2 Rb5 31. Nf2 Rab8 32. Nd1 Bg6 33. g3 R8b7 34. Qf3 Rf7
35. Nf2 Rfb7 36. Ree2 Qe8 37. Qg2 Qe6 38. Nd1 Rf7 39. Qf3 f4 40. Nf2 fxg3 41.
Qxg3 Bh5 42. Re3 Rfb7 43. Qh3 Qxh3 44. Rxh3 Bf7 45. Nd1 Be6 46. Rg3 Bf5 47. Re3
Be6 48. Kg2 Rf7 49. Rf3 Rfb7 50. Rff2 h5 51. Ne3 g4 52. Nf5 Bxf5 53. Rxf5 Rxb2
54. Rxb2 Rxb2+ 55. Kg3 Bf8 56. Rxh5 Bxa3 57. e6 Bd6+ 58. Kxg4 Rg2+ 59. Kf3 Rxh2
60. Rxd5 Be7 61. Ra5 Rh6 62. Rxa4 1/2-1/2

[Event "FB23 2122 SV 1920 Hofheim - TSV Forsten"]
[Site "?"]
[Date "2021.11.27"]
[Round "1.4"]
[White "Heymann-Lobzhanidze, Anna-Luise"]
[Black "Gamisch, Laura"]
[Result "1/2-1/2"]
[WhiteElo "1952"]
[BlackElo "1845"]
[PlyCount "45"]
[EventDate "2021.??.??"]

1. e4 c5 2. d3 Nc6 3. f4 d6 4. g3 Nf6 5. Bg2 Bg4 6. Nf3 Qb6 7. Na3 g6 8. c3 Bg7
9. Qe2 O-O 10. Nc4 Qc7 11. Ne3 Bxf3 12. Bxf3 e6 13. O-O Rad8 14. Bd2 d5 15. Ng4
Nxg4 16. Bxg4 Qb6 17. Rab1 Qa6 18. e5 Qxa2 19. b4 cxb4 20. Ra1 Qc2 21. Rfc1 Qb2
22. Rcb1 Qc2 23. Rc1 1/2-1/2

[Event "FB23 2122 SV 1920 Hofheim - TSV Forsten"]
[Site "?"]
[Date "2021.11.27"]
[Round "1.5"]
[White "Pils, Martina"]
[Black "Froehlich-Dill, Astrid"]
[Result "0-1"]
[WhiteElo "1585"]
[BlackElo "1848"]
[PlyCount "84"]
[EventDate "2021.??.??"]

1. e4 e6 2. d4 b6 3. Nc3 Bb7 4. Bd3 Bb4 5. Bd2 Nf6 6. Qe2 O-O 7. f4 c5 8. Nf3
Nc6 9. dxc5 bxc5 10. Nb5 d5 11. e5 Bxd2+ 12. Nxd2 c4 13. Bxc4 dxc4 14. exf6
Qxf6 15. O-O-O a6 16. Nc3 Nd4 17. Qf2 Nb5 18. Nde4 Qe7 19. a4 Nxc3 20. Nxc3 Qb4
21. Qd4 Bd5 22. Nxd5 exd5 23. Qxd5 c3 24. Qb3 Qxf4+ 25. Kb1 cxb2 26. g3 Qc7 27.
Rd4 Rab8 28. Qa3 Rfc8 29. Qd3 g6 30. Rf1 Qc6 31. Qd2 Qc5 32. Rd3 Rb4 33. Rd8+
Rxd8 34. Qxd8+ Qf8 35. Qd7 a5 36. Ka2 Rb8 37. Qd5 Rc8 38. Qb3 Rb8 39. Qc4 Rb4
40. Qd5 Rxa4+ 41. Kxb2 Qa3+ 42. Kb1 Qa1# 0-1

[Event "FB23 2122 SK 1980 Gernsheim - FC Bayern"]
[Site "?"]
[Date "2021.11.27"]
[Round "1.1"]
[White "Boric, Elena"]
[Black "Lukas, Anne"]
[Result "1-0"]
[WhiteElo "2183"]
[BlackElo "2030"]
[PlyCount "77"]
[EventDate "2021.??.??"]

1. e4 c5 2. Nf3 g6 3. d4 cxd4 4. Nxd4 Bg7 5. Nc3 Nc6 6. Be3 Nf6 7. Be2 O-O 8.
O-O d5 9. exd5 Nxd5 10. Nxd5 Qxd5 11. Bf3 Qa5 12. Nxc6 bxc6 13. c3 Rb8 14. Qc1
c5 15. Rd1 Be6 16. h4 Rfd8 17. Rxd8+ Rxd8 18. h5 Bd5 19. Bxd5 Rxd5 20. h6 Bf6
21. b4 cxb4 22. cxb4 Qd8 23. Rb1 Bd4 24. Bxd4 Rxd4 25. b5 f6 26. Qc2 Qd5 27. a4
Rc4 28. Qe2 Re4 29. Qf3 Qe6 30. g3 Kf7 31. Kg2 Rxa4 32. Kg1 Re4 33. Qc3 Rc4 34.
Qa5 Qe4 35. Re1 Ra4 36. Qc3 Qd4 37. Qc8 Qb4 38. Qe6+ Kf8 39. Rc1 1-0

[Event "FB23 2122 SK 1980 Gernsheim - FC Bayern"]
[Site "?"]
[Date "2021.11.27"]
[Round "1.2"]
[White "Bluebaum, Johanna"]
[Black "Mayrhuber, Nikola"]
[Result "1-0"]
[WhiteElo "2046"]
[BlackElo "2091"]
[PlyCount "87"]
[EventDate "2021.??.??"]

1. d4 e6 2. c4 Nf6 3. Nc3 Bb4 4. e3 O-O 5. Bd3 d5 6. cxd5 exd5 7. Nge2 c6 8.
O-O Re8 9. f3 Qd6 10. Ng3 Nbd7 11. a3 Ba5 12. Bc2 Nf8 13. b4 Bc7 14. Nce2 Nh5
15. e4 dxe4 16. fxe4 Nxg3 17. Nxg3 Bb6 18. Be3 a5 19. Qf3 Be6 20. e5 Qd7 21.
Qf2 axb4 22. axb4 Bc4 23. Rfd1 Qe7 24. Qd2 Bc7 25. Qc3 b5 26. Be4 Qd7 27. Nf5
f6 28. Rxa8 Rxa8 29. Bxc6 Qxf5 30. Bxa8 fxe5 31. d5 Qh5 32. Qe1 Qg6 33. Bc5 Bd6
34. Bc6 Qf6 35. Qf2 Qe7 36. Bxd6 Qxd6 37. Qc5 Qxc5+ 38. bxc5 Kf7 39. Kf2 Ke7
40. Ke3 Ng6 41. g3 Kd8 42. d6 Bb3 43. Rb1 Ba4 44. Bxb5 1-0

[Event "FB23 2122 SK 1980 Gernsheim - FC Bayern"]
[Site "?"]
[Date "2021.11.27"]
[Round "1.3"]
[White "Schloffer, Jasmin-Denise"]
[Black "Ries, Jutta"]
[Result "1-0"]
[WhiteElo "2063"]
[BlackElo "2001"]
[PlyCount "77"]
[EventDate "2021.??.??"]

1. d4 Nf6 2. c4 c5 3. d5 b5 4. Nf3 bxc4 5. Nc3 g6 6. e4 d6 7. Bxc4 Bg7 8. O-O
O-O 9. Bf4 Bg4 10. h3 Bxf3 11. Qxf3 Nbd7 12. Rfe1 Nb6 13. Bf1 Nfd7 14. Qg3 Re8
15. Rad1 Rb8 16. b3 Na8 17. Nb5 Qa5 18. a4 Qb6 19. Rb1 Nc7 20. Na3 Na6 21. Nc4
Qb7 22. Na5 Qc8 23. Nc6 Ra8 24. e5 dxe5 25. Nxe5 Nb4 26. Nxd7 Qxd7 27. Bb5 Qxd5
28. Bxe8 Rxe8 29. Rbd1 Qf5 30. Rxe7 Rf8 31. Be5 Nc6 32. Bxg7 Kxg7 33. Qc3+ Kg8
34. Re3 Nd4 35. Rde1 Qd5 36. Re5 Qxb3 37. Qxc5 Qxa4 38. R5e4 Ne6 39. Qxf8+ 1-0

[Event "FB23 2122 SK 1980 Gernsheim - FC Bayern"]
[Site "?"]
[Date "2021.11.27"]
[Round "1.4"]
[White "Morio, Estelle"]
[Black "Butenandt, Svenja"]
[Result "0-1"]
[WhiteElo "1837"]
[BlackElo "2079"]
[PlyCount "54"]
[EventDate "2021.??.??"]

1. f4 d5 2. Nf3 Nf6 3. e3 g6 4. g3 Bg7 5. Bg2 O-O 6. O-O c5 7. d3 Nc6 8. h3 h5
9. Qe2 Re8 10. e4 e5 11. fxe5 dxe4 12. exf6 exf3 13. Qxf3 Nd4 14. Qd1 Ne2+ 15.
Kh2 Bxf6 16. Nc3 Bxc3 17. bxc3 h4 18. Re1 hxg3+ 19. Kh1 Bg4 20. Rxe2 Rxe2 21.
Qf1 Rf2 22. Qe1 Bf3 23. Bxf3 Rxf3 24. Qe4 Qf6 25. Be3 Rf1+ 26. Rxf1 Qxf1+ 27.
Bg1 Qxh3+ 0-1

[Event "FB23 2122 SK 1980 Gernsheim - FC Bayern"]
[Site "?"]
[Date "2021.11.27"]
[Round "1.5"]
[White "Spiel, Marianne"]
[Black "Mueller, Manon"]
[Result "1-0"]
[WhiteElo "1904"]
[BlackElo "1792"]
[PlyCount "91"]
[EventDate "2021.??.??"]

1. e4 c5 2. Nf3 Nc6 3. d4 cxd4 4. Nxd4 g6 5. Nc3 Bg7 6. Be3 Nf6 7. Nxc6 bxc6 8.
Bc4 O-O 9. Bb3 Ne8 10. Qd2 a5 11. f3 Ba6 12. O-O-O d6 13. h4 h5 14. g4 Nf6 15.
Rdg1 a4 16. Bxa4 Bc4 17. Bb3 Bxb3 18. cxb3 Qa5 19. gxh5 Nxh5 20. Na4 Qxd2+ 21.
Bxd2 Kh7 22. Kb1 Rh8 23. Bc3 Bxc3 24. bxc3 Rhb8 25. Nb2 Rb5 26. Rg5 Rba5 27.
Rxa5 Rxa5 28. Nc4 Rb5 29. Kc2 Nf4 30. a4 Rb8 31. a5 Ne6 32. Ra1 Ra8 33. Nb6 Ra7
34. Nc8 Rc7 35. Nb6 Ra7 36. b4 Kh6 37. Kd3 Kh5 38. c4 Kxh4 39. b5 Nc5+ 40. Ke3
Ne6 41. a6 cxb5 42. cxb5 Nc5 43. Nc8 Ra8 44. Nxe7 Kg5 45. a7 Nd7 46. Nd5 1-0

[Event "FB23 2122 SK 1980 Gernsheim - FC Bayern"]
[Site "?"]
[Date "2021.11.27"]
[Round "1.6"]
[White "Fischer, Juliane"]
[Black "Acarbay, Algi"]
[Result "0-1"]
[WhiteElo "1515"]
[BlackElo "1946"]
[PlyCount "92"]
[EventDate "2021.??.??"]

1. e4 c5 2. Nc3 Nc6 3. f4 e6 4. Nf3 Nge7 5. d4 cxd4 6. Nxd4 Nxd4 7. Qxd4 Nc6 8.
Qd1 Bc5 9. e5 O-O 10. Ne4 Bb6 11. Qg4 Nb4 12. Nf6+ Kh8 13. Nh5 Rg8 14. Kd1 d6
15. Bd2 dxe5 16. fxe5 Nc6 17. Qe4 Qd4 18. Bd3 Qxe4 19. Bxe4 Nxe5 20. Bc3 Ng4
21. Be1 e5 22. h3 Ne3+ 23. Ke2 f5 24. Bf2 f4 25. g3 Re8 26. Bxe3 fxe3 27. g4
Be6 28. b3 Rac8 29. c4 Bd4 30. Rad1 Rc7 31. Ng3 a6 32. Nf1 b5 33. cxb5 axb5 34.
Nxe3 Ra7 35. Rd2 g6 36. Rc1 Kg7 37. Nd5 Rf8 38. Ne3 Raf7 39. Rf1 Rxf1 40. Nxf1
h5 41. Nh2 hxg4 42. Nxg4 Bf5 43. Kd3 Rh8 44. Nf2 Bxf2 45. Rxf2 Rxh3+ 46. Rf3
Rxf3+ 0-1

[Event "FB23 2122 SV Stuttgart-Wolfbusch - Karl"]
[Site "?"]
[Date "2021.11.27"]
[Round "1.1"]
[White "Schmidt, Jessica"]
[Black "Timofeeva, Galina"]
[Result "1-0"]
[WhiteElo "2227"]
[BlackElo "1993"]
[PlyCount "49"]
[EventDate "2021.??.??"]

1. d4 Nf6 2. Nf3 d6 3. c4 g6 4. Nc3 Bg7 5. e4 O-O 6. Be2 e5 7. O-O Nc6 8. d5
Ne7 9. b4 Ne8 10. c5 f5 11. Ng5 h6 12. Ne6 Bxe6 13. dxe6 fxe4 14. Nxe4 d5 15.
Ng3 Qc8 16. Bg4 Nf6 17. Bh3 c6 18. Bb2 Qc7 19. Qd2 Nh7 20. Rae1 Ng5 21. Bg4 Rf4
22. h3 h5 23. Bxh5 gxh5 24. Nxh5 Nxe6 25. Nxg7 1-0

[Event "FB23 2122 SV Stuttgart-Wolfbusch - Karl"]
[Site "?"]
[Date "2021.11.27"]
[Round "1.2"]
[White "Froehlich, Franziska"]
[Black "Pellicoro, Nathalie"]
[Result "1-0"]
[WhiteElo "1902"]
[BlackElo "1900"]
[PlyCount "61"]
[EventDate "2021.??.??"]

1. e4 e5 2. Nf3 Nc6 3. Bb5 a6 4. Ba4 Nf6 5. O-O Be7 6. d3 b5 7. Bb3 d6 8. a4 b4
9. a5 O-O 10. Re1 Bg4 11. c3 Rb8 12. Nbd2 bxc3 13. bxc3 d5 14. h3 Bh5 15. Qc2
dxe4 16. dxe4 Bg6 17. Nc4 Bxe4 18. Rxe4 Rxb3 19. Re1 Qb8 20. Nfxe5 Nxe5 21.
Nxe5 Bc5 22. Nd3 Bd6 23. Bd2 Rb5 24. c4 Rb3 25. c5 Rxd3 26. Qxd3 Bxc5 27. Bc3
Qa7 28. Re2 Rb8 29. Rd1 Bd6 30. Rde1 Rb3 31. Qxd6 1-0

[Event "FB23 2122 SV Stuttgart-Wolfbusch - Karl"]
[Site "?"]
[Date "2021.11.27"]
[Round "1.3"]
[White "Scheynin, Julia"]
[Black "Klotz, Sonja"]
[Result "1/2-1/2"]
[WhiteElo "2000"]
[BlackElo "1943"]
[PlyCount "97"]
[EventDate "2021.??.??"]

1. e4 c5 2. Nc3 Nc6 3. d3 g6 4. g3 Bg7 5. Bg2 e6 6. f4 Nge7 7. Nf3 d6 8. O-O
O-O 9. Bd2 Rb8 10. Rb1 b5 11. a3 a5 12. a4 b4 13. Nb5 Ba6 14. c4 bxc3 15. bxc3
Qd7 16. Qe2 Rb7 17. c4 Nb4 18. Bc3 Rd8 19. Bxg7 Kxg7 20. Rbd1 d5 21. g4 f5 22.
gxf5 gxf5 23. Ne5 Qe8 24. exd5 exd5 25. Qf2 d4 26. Rfe1 Qf8 27. Nf3 Ng6 28. Ng5
Rb6 29. Ne6+ Rxe6 30. Rxe6 Bc8 31. Ree1 Kh8 32. Qg3 Qg7 33. Kh1 Nc2 34. Rc1
Nxe1 35. Rxe1 Rg8 36. Bd5 Rd8 37. Qg5 Rf8 38. Rg1 Bb7 39. Qg2 Bxd5 40. Qxd5 Qe7
41. Nd6 Nxf4 42. Qxc5 Ne2 43. Rf1 f4 44. Qd5 Qg7 45. Qf3 Qe5 46. Qe4 Qh5 47.
Qf3 Qe5 48. Qe4 Qh5 49. Qf3 1/2-1/2

[Event "FB23 2122 SV Stuttgart-Wolfbusch - Karl"]
[Site "?"]
[Date "2021.11.27"]
[Round "1.4"]
[White "Erben, Larissa"]
[Black "Juszczak, Anna"]
[Result "0-1"]
[WhiteElo "1975"]
[BlackElo "1974"]
[PlyCount "54"]
[EventDate "2021.??.??"]

1. e4 e6 2. d4 d5 3. exd5 exd5 4. Nf3 Nf6 5. c4 c6 6. Nc3 Bg4 7. h3 Bh5 8. g4
Bg6 9. Bg5 Be7 10. Ne5 O-O 11. Be2 h6 12. Nxg6 fxg6 13. Be3 Nbd7 14. Qc2 g5 15.
O-O Nb6 16. b3 Qc7 17. Bd3 dxc4 18. bxc4 Bd6 19. Ne2 Rae8 20. Kg2 c5 21. d5
Nbd7 22. Bf5 Ne5 23. Be6+ Rxe6 24. dxe6 Qc6+ 25. f3 Nxf3 26. Qc1 Nxg4 27. Nf4
Ne1+ 0-1

[Event "FB23 2122 SV Stuttgart-Wolfbusch - Karl"]
[Site "?"]
[Date "2021.11.27"]
[Round "1.5"]
[White "Basovskiy, Jana"]
[Black "Lederer, Leia"]
[Result "1-0"]
[WhiteElo "1840"]
[BlackElo "1750"]
[PlyCount "55"]
[EventDate "2021.??.??"]

1. e4 e5 2. Nf3 Nc6 3. Bc4 Nf6 4. d3 Bc5 5. c3 O-O 6. O-O d6 7. Nbd2 Bg4 8. h3
Bh5 9. Re1 Qd7 10. a4 a6 11. Qe2 Ne7 12. Nf1 Kh8 13. Ng3 Bg6 14. Nh4 Nfg8 15.
Be3 Bxe3 16. Qxe3 Nh6 17. d4 f5 18. exf5 Nhxf5 19. Ngxf5 Bxf5 20. dxe5 dxe5 21.
Qxe5 Nc6 22. Qd5 Qc8 23. Re3 Bd7 24. Rd1 Rd8 25. Qh5 h6 26. Qf7 b5 27. Bd3 Qb7
28. Ng6+ 1-0

[Event "FB23 2122 SV Stuttgart-Wolfbusch - Karl"]
[Site "?"]
[Date "2021.11.27"]
[Round "1.6"]
[White "Haecker, Gabriele"]
[Black "Grining, Maria"]
[Result "1-0"]
[WhiteElo "1969"]
[BlackElo "1755"]
[PlyCount "83"]
[EventDate "2021.??.??"]

1. e4 c6 2. d4 d5 3. e5 e6 4. f4 c5 5. c3 Nc6 6. Nf3 Nh6 7. g3 Nf5 8. Bh3 Qb6
9. Bxf5 exf5 10. O-O cxd4 11. cxd4 h5 12. Nc3 Be6 13. Ne2 Rc8 14. Rf2 Nb4 15.
Nc3 Qa6 16. Rd2 Rc4 17. a3 Be7 18. Rb1 Nc6 19. h4 Qb6 20. Na4 Qb5 21. b4 a5 22.
Rd3 axb4 23. Bd2 Na7 24. Nb2 Rc6 25. axb4 O-O 26. Ra3 Ra6 27. Rb3 Nc6 28. Nd3
b6 29. Ra1 Rfa8 30. Rxa6 Rxa6 31. Qc2 Ra4 32. Qb2 Bd7 33. Ng5 Qc4 34. Nf3 Ra1+
35. Qxa1 Qxb3 36. Nfe1 Bxb4 37. Nxb4 Nxb4 38. Bxb4 Qxb4 39. Nf3 Qb5 40. Qa8+
Kh7 41. Ng5+ Kg6 42. Qg8 1-0

[Event "FB23 2122 SG Augsburg 1873 - SK Freibur"]
[Site "?"]
[Date "2021.11.27"]
[Round "1.3"]
[White "Ehmann, Johanna"]
[Black "Braun, Kristin"]
[Result "0-1"]
[WhiteElo "1792"]
[BlackElo "1915"]
[PlyCount "76"]
[EventDate "2021.??.??"]

1. b3 Nf6 2. Bb2 g6 3. e3 Bg7 4. f4 d6 5. Nf3 O-O 6. Be2 c5 7. O-O Nc6 8. Nc3
Rb8 9. a4 Nb4 10. Nb5 a6 11. Na3 Bd7 12. Kh1 Qc7 13. Qe1 Bf5 14. d3 Qb6 15. e4
Be6 16. Ng5 Bd7 17. Qh4 h6 18. Nh3 Nxc2 19. Nxc2 Qxb3 20. Bxf6 Bxf6 21. Qxh6
Bxh3 22. gxh3 Qxc2 23. Rae1 c4 24. f5 Bg7 25. Qg5 cxd3 26. Bd1 Qc6 27. Bb3 d2
28. Re2 Qc3 29. Re3 Qf6 30. Qg2 Qd4 31. Rg3 d5 32. fxg6 fxg6 33. Bxd5+ Kh8 34.
Rd1 Rf2 35. Qg1 Rbf8 36. Rxg6 Rf1 37. Rxf1 Rxf1 38. Qxf1 d1=Q 0-1

[Event "FB23 2122 SG Augsburg 1873 - SK Freibur"]
[Site "?"]
[Date "2021.11.27"]
[Round "1.4"]
[White "Todorova, Kalina"]
[Black "Henninger, Claire"]
[Result "1/2-1/2"]
[WhiteElo "1800"]
[BlackElo "1482"]
[PlyCount "91"]
[EventDate "2021.??.??"]

1. d4 d5 2. c4 e6 3. g3 Nf6 4. Bg2 dxc4 5. Nf3 Be7 6. O-O O-O 7. Ne5 c5 8. dxc5
Bxc5 9. Qc2 Nbd7 10. Nxd7 Qxd7 11. Qxc4 Qd4 12. Qxd4 Bxd4 13. Rd1 Rd8 14. Be3
e5 15. Nc3 Bg4 16. h3 Bxe3 17. hxg4 Bd4 18. g5 Nd7 19. Na4 Rab8 20. e3 b5 21.
exd4 bxa4 22. Bc6 exd4 23. Rxd4 Nc5 24. Rad1 Rxd4 25. Rxd4 g6 26. Rd5 Ne6 27.
Bxa4 Rxb2 28. Bb3 Rb1+ 29. Kg2 Rc1 30. f4 Rc7 31. Rd6 Nc5 32. Bd5 Nd7 33. Rc6
Rxc6 34. Bxc6 Nc5 35. Kf3 Kg7 36. g4 f5 37. gxf6+ Kxf6 38. Ke3 Ne6 39. g5+ Ke7
40. Bd5 Kd6 41. Bb3 Ke7 42. Bc4 Kd6 43. Kf3 Nd4+ 44. Kg4 Ke7 45. Bg8 Kf8 46.
Bd5 1/2-1/2

[Event "FB23 2122 SG Augsburg 1873 - SK Freibur"]
[Site "?"]
[Date "2021.11.27"]
[Round "1.5"]
[White "Denz, Annika"]
[Black "Muench, Ursula"]
[Result "0-1"]
[WhiteElo "1632"]
[BlackElo "1792"]
[PlyCount "116"]
[EventDate "2021.??.??"]

1. e4 c5 2. Nc3 Nc6 3. Nf3 g6 4. d3 Bg7 5. Ne2 Nf6 6. Ng3 d5 7. Be2 O-O 8. O-O
Qc7 9. Bg5 b6 10. Bxf6 Bxf6 11. exd5 Nb4 12. c3 Nxd5 13. h3 Nf4 14. Nh2 Bb7 15.
Bf3 Rad8 16. Rb1 Rxd3 17. Qc1 Nxh3+ 18. gxh3 Bxf3 19. Qc2 Rfd8 20. Nxf3 Rxf3
21. Rbd1 Rxd1 22. Rxd1 Qf4 23. Qe2 Bh4 24. Kg2 Rxg3+ 25. fxg3 Qxg3+ 26. Kf1
Qxh3+ 27. Qg2 Qf5+ 28. Kg1 e5 29. Rf1 Qd3 30. Qa8+ Kg7 31. Qxa7 Qe3+ 32. Kg2
Qe2+ 33. Kg1 Qg4+ 34. Kh1 Qe6 35. a4 Bg3 36. Kg2 Bf4 37. Rf3 Qg4+ 38. Kf2 e4
39. Rxf4 Qxf4+ 40. Ke2 Qf3+ 41. Ke1 e3 42. Qd7 Qf2+ 43. Kd1 e2+ 44. Kc2 e1=Q+
45. Kb3 Qe6+ 46. Qxe6 fxe6 47. Kc4 Qxb2 48. a5 Qa2+ 49. Kd3 Qxa5 50. c4 Kf6 51.
Ke3 Kf5 52. Kf3 Qc3+ 53. Kf2 Kf4 54. Kg2 Qe3 55. Kh2 Kg4 56. Kg2 Qe2+ 57. Kg1
Kg3 58. Kh1 Qg2# 0-1

[Event "FB23 2122 SG Augsburg 1873 - SK Freibur"]
[Site "?"]
[Date "2021.11.27"]
[Round "1.6"]
[White "Schaefer, Ann-Kathrin"]
[Black "Farhadyar, Kiana"]
[Result "1-0"]
[WhiteElo "1701"]
[BlackElo "1453"]
[PlyCount "113"]
[EventDate "2021.??.??"]

1. d4 d5 2. Nf3 Nf6 3. e3 g6 4. Bd3 Bg7 5. c3 O-O 6. O-O Nbd7 7. Nbd2 Re8 8. e4
e5 9. Re1 c5 10. exd5 Nxd5 11. dxe5 Nxe5 12. Nxe5 Bxe5 13. Ne4 b6 14. Bb5 Bd7
15. Bxd7 Qxd7 16. c4 Qf5 17. cxd5 Bd4 18. Qf3 Qe5 19. Bf4 Qg7 20. Nc3 Red8 21.
Rac1 Rd7 22. b3 Rad8 23. d6 g5 24. Bg3 f5 25. h3 f4 26. Bh2 Rxd6 27. Ne4 R6d7
28. Qg4 h6 29. h4 Rd5 30. hxg5 hxg5 31. Rc2 Re5 32. Rce2 Rde8 33. Nd6 Rxe2 34.
Rxe2 Rxe2 35. Qxe2 Be5 36. Nc4 Bd4 37. Qe6+ Kh7 38. Qf5+ Kg8 39. Nd2 Bf6 40. g3
Qe7 41. Qd5+ Kg7 42. gxf4 Qe1+ 43. Kg2 Bd4 44. Ne4 gxf4 45. Bxf4 Qe2 46. Be5+
Bxe5 47. Qxe5+ Kf8 48. Qb8+ Kg7 49. Qg3+ Kh8 50. Qb8+ Kg7 51. Qxa7+ Kf8 52.
Qa8+ Kg7 53. Qb7+ Kf8 54. Qb8+ Kg7 55. Qg3+ Kh8 56. Nf6 Qe6 57. Qh3+ 1-0

[Event "FB23 2122 FC Bayern München - SV 1920 "]
[Site "?"]
[Date "2021.11.28"]
[Round "2.1"]
[White "Kushka, Alena"]
[Black "Boric, Elena"]
[Result "0-1"]
[WhiteElo "2119"]
[BlackElo "2183"]
[PlyCount "104"]
[EventDate "2021.??.??"]

1. d4 f5 2. c4 Nf6 3. Nf3 g6 4. g3 Bg7 5. Bg2 O-O 6. b4 d6 7. Bb2 Qe8 8. O-O h6
9. Nbd2 Nbd7 10. d5 e5 11. dxe6 Qxe6 12. Nd4 Qf7 13. Qc2 Kh8 14. e4 f4 15. Nb5
fxg3 16. hxg3 Ne5 17. f4 Neg4 18. Rf3 a6 19. Na3 Bd7 20. Re1 Rae8 21. Nab1 Bc6
22. Nc3 Kh7 23. a4 b6 24. Rd3 Nh5 25. Rf1 Qd7 26. Nd5 Bxd5 27. cxd5 Bxb2 28.
Qxb2 g5 29. f5 Ne5 30. Rc3 Qg7 31. Qc2 Rf7 32. Nb3 g4 33. Nd4 Nf3+ 34. Nxf3
gxf3 35. Rfxf3 Qd4+ 36. Rce3 Nf6 37. Qc3 Qxc3 38. Rxc3 Rxe4 39. Rf4 Rxf4 40.
gxf4 Nh5 41. Be4 Kg7 42. Kf2 Kf6 43. Kf3 Rg7 44. Rc4 Ng3 45. a5 bxa5 46. bxa5
h5 47. Rc2 Nxe4 48. Kxe4 Re7+ 49. Kf3 Kxf5 50. Rg2 Rh7 51. Rg5+ Kf6 52. Kg3 Rg7
0-1

[Event "FB23 2122 FC Bayern München - SV 1920 "]
[Site "?"]
[Date "2021.11.28"]
[Round "2.2"]
[White "Mayrhuber, Nikola"]
[Black "Roessler, Ulrike"]
[Result "1-0"]
[WhiteElo "2091"]
[BlackElo "2120"]
[PlyCount "73"]
[EventDate "2021.??.??"]

1. d4 Nf6 2. c4 g6 3. Nc3 Bg7 4. e4 d6 5. f4 O-O 6. Nf3 c5 7. d5 b5 8. e5 Ng4
9. h3 Nh6 10. g4 bxc4 11. Bxc4 Ba6 12. Bxa6 Nxa6 13. O-O Rb8 14. Qe2 Qb6 15.
Rb1 Nc7 16. f5 Rfe8 17. Bf4 g5 18. Bxg5 f6 19. Be3 fxe5 20. Ng5 Nb5 21. Nxb5
Qxb5 22. Qf2 Nf7 23. Ne6 e4 24. Nxg7 Kxg7 25. f6+ Kg8 26. fxe7 Rxe7 27. Qf6 Qd3
28. Rbe1 Rbe8 29. Rf5 Rd7 30. Kg2 Ne5 31. Rg5+ Ng6 32. Rxg6+ hxg6 33. Qxg6+ Kf8
34. Rf1+ Qxf1+ 35. Kxf1 Rf7+ 36. Ke2 Ke7 37. Qe6+ 1-0

[Event "FB23 2122 FC Bayern München - SV 1920 "]
[Site "?"]
[Date "2021.11.28"]
[Round "2.3"]
[White "Tuzi, Bruna"]
[Black "Schloffer, Jasmin-Denise"]
[Result "0-1"]
[WhiteElo "2016"]
[BlackElo "2063"]
[PlyCount "84"]
[EventDate "2021.??.??"]

1. e4 e5 2. Nf3 Nc6 3. Bc4 Bc5 4. O-O Nf6 5. d3 d6 6. c3 O-O 7. h3 a5 8. Bb3 h6
9. Re1 Re8 10. Nbd2 Be6 11. Ba4 Bd7 12. Nf1 Ne7 13. Bc2 Ng6 14. d4 Bb6 15. Ng3
Be6 16. Be3 Nh7 17. Qd2 Nh4 18. Nh2 Ng5 19. Nf5 Nxf5 20. exf5 Bd7 21. Rad1 exd4
22. cxd4 Ne4 23. Bxe4 Rxe4 24. f3 Re8 25. g4 Qf6 26. Nf1 Ba4 27. b3 Bb5 28. Ng3
d5 29. Nh5 Qd6 30. Kg2 Qb4 31. Qc1 a4 32. f6 axb3 33. axb3 Ra2+ 34. Kg3 g6 35.
Ng7 Rea8 36. Bxh6 Bxd4 37. Rxd4 Qxd4 38. Be3 Qxf6 39. Nf5 gxf5 40. gxf5 Qg7+
41. Kh4 Rg2 42. Bg5 f6 0-1

[Event "FB23 2122 FC Bayern München - SV 1920 "]
[Site "?"]
[Date "2021.11.28"]
[Round "2.4"]
[White "Butenandt, Svenja"]
[Black "Heymann-Lobzhanidze, Anna-Luise"]
[Result "1-0"]
[WhiteElo "2079"]
[BlackElo "1952"]
[PlyCount "87"]
[EventDate "2021.??.??"]

1. d4 f5 2. c4 Nf6 3. Nf3 e6 4. g3 d5 5. Bg2 Be7 6. O-O O-O 7. Qc2 c6 8. e3 Ne4
9. Ne5 Nd7 10. f3 Nd6 11. b3 Qc7 12. Nd3 Ne8 13. Nc3 b6 14. Nf4 Ndf6 15. Bb2
Bd6 16. Nd3 Ba6 17. e4 fxe4 18. fxe4 dxe4 19. Nxe4 Nxe4 20. Rxf8+ Kxf8 21. Bxe4
Nf6 22. Bg2 Re8 23. Re1 Kg8 24. Bh3 Bc8 25. Qf2 Bd7 26. c5 Bf8 27. cxb6 axb6
28. Nf4 Qc8 29. Qe2 Bb4 30. Rf1 Bd6 31. Nd3 Qc7 32. Rf3 Nd5 33. Qe4 Nf6 34. Qe1
Nd5 35. Qf2 Rf8 36. Rxf8+ Bxf8 37. Qe2 Qc8 38. Ne5 Nc7 39. Qf3 Qe8 40. Qg4 Bd6
41. Nc4 Bf8 42. Nxb6 Qe7 43. Qe4 c5 44. Ba3 1-0

[Event "FB23 2122 FC Bayern München - SV 1920 "]
[Site "?"]
[Date "2021.11.28"]
[Round "2.5"]
[White "Froehlich-Dill, Astrid"]
[Black "Spiel, Marianne"]
[Result "0-1"]
[WhiteElo "1848"]
[BlackElo "1904"]
[PlyCount "100"]
[EventDate "2021.??.??"]

1. d4 Nf6 2. c4 e6 3. Nc3 d5 4. Bg5 Be7 5. e3 O-O 6. Nf3 Nbd7 7. Bd3 h6 8. Bh4
b6 9. O-O Bb7 10. Rc1 c5 11. h3 Ne4 12. Bxe7 Qxe7 13. Bxe4 dxe4 14. Nd2 f5 15.
Ne2 Qf6 16. Nf4 cxd4 17. Nh5 Qg5 18. Nf4 Rfe8 19. Qh5 Qxh5 20. Nxh5 e5 21. Ng3
g6 22. Ne2 d3 23. Nc3 Nf6 24. Nb5 Red8 25. a4 a6 26. Nc3 Rac8 27. b3 Kf7 28. g3
Ke6 29. Rcd1 g5 30. f3 exf3 31. Nxf3 Bxf3 32. Rxf3 e4 33. Rf2 Rc5 34. Rdf1 h5
35. Rd2 Rd7 36. Kh2 Rg7 37. Na2 h4 38. gxh4 gxh4 39. Rf4 Rg3 40. Rxh4 Rxe3 41.
Nc3 Rc8 42. Rh6 Ke5 43. Rxf6 Kxf6 44. Nd5+ Ke5 45. Nxe3 f4 46. Ng4+ Kd4 47. Nf2
Re8 48. Kg2 Kc3 49. Rd1 d2 50. Kf1 e3 0-1

[Event "FB23 2122 TSV Forstenried - SK 1980 Ger"]
[Site "?"]
[Date "2021.11.28"]
[Round "2.1"]
[White "Lukas, Anne"]
[Black "Imnadze, Nato"]
[Result "1/2-1/2"]
[WhiteElo "2030"]
[BlackElo "2251"]
[PlyCount "33"]
[EventDate "2021.??.??"]

1. e4 c5 2. Nf3 d6 3. g3 Nc6 4. Bg2 g6 5. O-O Bg7 6. c3 Nf6 7. Re1 O-O 8. d4
cxd4 9. cxd4 d5 10. e5 Ne8 11. Nc3 Nc7 12. Be3 Bf5 13. Qd2 Qd7 14. Ne2 f6 15.
exf6 exf6 16. h4 Rae8 17. Nf4 1/2-1/2

[Event "FB23 2122 TSV Forstenried - SK 1980 Ger"]
[Site "?"]
[Date "2021.11.28"]
[Round "2.3"]
[White "Ries, Jutta"]
[Black "Chaus, Maria"]
[Result "1-0"]
[WhiteElo "2001"]
[BlackElo "1804"]
[PlyCount "76"]
[EventDate "2021.??.??"]

1. f4 d5 2. Nf3 Nf6 3. b3 Bg4 4. e3 Nc6 5. Bb5 a6 6. Bxc6+ bxc6 7. Bb2 e6 8.
O-O c5 9. d3 d4 10. e4 Be7 11. Nbd2 O-O 12. Qe1 Bxf3 13. Rxf3 a5 14. a4 Nd7 15.
Nc4 c6 16. Bc1 Qc7 17. Bd2 Bd8 18. Qg3 f6 19. Raf1 Be7 20. Qe1 Bd8 21. Rh3 e5
22. Qh4 h6 23. Rg3 f5 24. Qxh6 Bf6 25. fxe5 Nxe5 26. Bf4 Rae8 27. exf5 Rf7 28.
Qh5 Qe7 29. Rh3 g5 30. fxg6 Nxg6 31. Rg3 Bg7 32. Rxg6 Ref8 33. g3 Rf5 34. Qg4
R8f7 35. Rg5 Rxf4 36. gxf4 Qe8 37. Ne5 Re7 38. h4 Qc8 1-0

[Event "FB23 2122 TSV Forstenried - SK 1980 Ger"]
[Site "?"]
[Date "2021.11.28"]
[Round "2.4"]
[White "Gamisch, Laura"]
[Black "Blaschke, Franziska"]
[Result "1/2-1/2"]
[WhiteElo "1845"]
[BlackElo "1842"]
[PlyCount "63"]
[EventDate "2021.??.??"]

1. d4 Nf6 2. c4 e6 3. Nf3 Be7 4. Bf4 b6 5. a3 Bb7 6. Nc3 Bxf3 7. exf3 O-O 8.
Be2 Nh5 9. Be3 d5 10. O-O c6 11. Rc1 Nd7 12. Qa4 Nb8 13. Qc2 Nf6 14. Rfd1 Nbd7
15. Bg5 Rc8 16. Qd2 dxc4 17. Bxc4 Nd5 18. Bxe7 Qxe7 19. Nxd5 cxd5 20. Ba6 Rxc1
21. Rxc1 Nb8 22. Bc8 Qd6 23. Qc3 Rd8 24. Qc7 Qxc7 25. Rxc7 Kf8 26. b4 b5 27.
Kf1 a6 28. Ke2 Re8 29. f4 h6 30. h4 g6 31. g4 h5 32. g5 1/2-1/2